00358nam a2200157Ia 45000010006000000050017000060080041000230410008000640820015000721000026000872450034001132600009001473000028001566500008001846540008001921568920260306170214.0260306t1991||||xx |||||||||||||| ||und|| aESP a576.8bB81 aBrace, C. LoringeAUT 4aThe stages of human evolution c1991 a200 páginas :c23 cm. aGEN aCCN